| 000 | 01077cam a2200241 4500 | ||
|---|---|---|---|
| 001 | ABS67724 | ||
| 008 | 040507n2004 000 0 eng u | ||
| 035 | _a(Sirsi) u126133 | ||
| 100 | _aBlair, F. | ||
| 245 | _aPrincipled localism: a new framework for local governance | ||
| 260 | _C2004 | ||
| 490 |
_aTown and Country Planning _v73(4) April 2004, 126-127(2) |
||
| 520 | _aDraws on recently published research "Seeing the bigger picture: delivering local sustainable development" funded by the Joseph Rowntree Foundation and undertaken by the Sustainable Cities Research Institute of Northumbria in collaboration with the UK Sustainable Development Commission. The research proposes a framework to guide and support local government in the task of protecting and enhancing quality of life and delivering sustainable development. | ||
| 590 | _aABS | ||
| 590 | _aABS | ||
| 650 | _aSUSTAINABLE DEVELOPMENT | ||
| 650 | _aPLANNING POLICY | ||
| 650 | _aLOCAL GOVERNMENT | ||
| 650 | _aQUALITY OF LIFE | ||
| 690 | _aDEVELOPMENT | ||
| 700 | _aEvans, B. | ||
| 942 | _n0 | ||
| 999 |
_c117317 _d117317 |
||